Statistics for Day 'N' Nite (Nightmare) by Kid Cudi Lyrics

Click here to take the quiz!

General Stats

  • This quiz has been taken 85 times
  • The average score is 270 of 389

Answer Stats

HINTANSWER% Correct
a
100%
A
100%
and
100%
| Chorus | Verse 1Day
100%
day
100%
night
100%
I
92%
The
91%
the
91%
To
91%
to
91%
at
89%
At,
89%
at,
89%
see
89%
see,
89%
lonely
88%
mind
88%
mind,
88%
his
81%
free
80%
He
80%
he
80%
seem
78%
stoner,
78%
stoner
78%
loner
73%
seems
73%
my
67%
that
67%
all
64%
keep
64%
through
64%
through,
64%
toss
64%
but
63%
turn,
63%
he's
61%
He's
61%
then
61%
ChorusCause
59%
I'm
59%
not
59%
alone,
58%
alone
58%
don't
56%
for
56%
look
56%
fast
55%
this
55%
we
55%
run,
53%
Solo
53%
some
52%
Verse 2Hold
50%
in
50%
is
50%
keeps
50%
keeps,
50%
me
50%
me,
50%
on
50%
phone
50%
things
50%
try
50%
you
50%
change
48%
Madness,
48%
never
48%
peace
48%
will
48%
Dolo
47%
last,
47%
last
47%
Now
47%
play,
47%
play
47%
What
47%
stressing
45%
finish
44%
game
44%
It
44%
silly
44%
When
44%
attain
42%
can't
42%
mo,
42%
Mr.
42%
surely
42%
attracting
41%
feeling
41%
hear
41%
girl
39%
first
38%
of
38%
think
38%
won't
38%
deep
36%
life
36%
man,
36%
need
36%
pain
36%
peep,
36%
peep
36%
silent
36%
Verse 3Slow
36%
too
36%
him
34%
new,
34%
new
34%
shake
34%
she
34%
sleeper
34%
want
34%
are
33%
had
33%
made,
33%
made
33%
wants
33%
search
31%
blue
30%
creates
30%
magnet
30%
cool
28%
cool,
28%
Nikes
28%
super
28%
white
28%
move,
27%
shade
27%
though
27%
feelings
25%
into
25%
slips
25%
tempo
25%
away
23%
see's
23%
slows
23%
up
23%
way
23%
dreams
22%
nights
22%
sun
22%
fade
20%
shining,
20%
smokes
20%
alive
19%
They
19%
Within
19%
clip
16%

Score Distribution

Percentile by Number Answered

Percent of People with Each Score

Your Score History

You have not taken this quiz